000 00546nam a2200157Ia 4500
003 IN-BaIIA
008 211028s9999 xx 000 0 eng d
040 _cIIA Library
080 _a531.5
_bSEG
100 _aSeguin, Lettre de M
_92608
245 0 _aConsiderations sur les lois qui president a l'accomplissement des phenomenes naturels
_brapportes a l'attraction newtonienne (in French)
_cLettre de M Seguin
260 _aParis
_bA. Tramblay
_c1861
300 _a77p.
650 _aGravitation
942 _cBK
999 _c1237
_d1237